British Commonwealth Countries with the Largest Nominal GDP - Statistics

General Stats
  • This quiz has been taken 106 times
    43 since last reset
  • The average score is 15 of 20
Answer Stats
GDP (millions of US$) Country % Correct
1,802,006 Australia
100%
252,236 New Zealand
100%
2,214,796 Canada
97%
3,587,545 United Kingdom
97%
3,889,130 India
94%
451,468 Bangladesh
86%
374,595 Pakistan
86%
530,708 Singapore
86%
403,045 South Africa
86%
79,511 Kenya
83%
439,748 Malaysia
83%
199,721 Nigeria
78%
51,725 Tanzania
72%
47,032 Ghana
67%
87,591 Sri Lanka
67%
26,349 Uganda
67%
25,504 Zambia
58%
34,006 Cameroon
50%
23,617 Papua New Guinea
31%
36,730 Gabon
14%
No matching quizzes found
Score Distribution
Percent of People with Each Score
Percentile by Number Answered
Your Score History
You have not taken this quiz since the last reset